Manual práctico de microbiología /

Guardado en:
Autor Principal: Gamazo, Carlos
Otros Autores: López-goñi, Ignacio, Díaz, Ramón
Formato: Libro
Publicado: Barcelona : Elsevier Masson, 2009
Edición:3a. ed.
Materias:
Etiquetas: Agregar Etiqueta
Sin Etiquetas, Sea el primero en etiquetar este registro!
LEADER 02508nam a22002175a 4500
001 CEM.cems017747
005 20120313121533.0
008 130507s2009##################000#0#####d
003 CEMS
020 |a 9788445815199 
082 0 4 |a 576 
100 1 |a Gamazo, Carlos 
245 1 0 |a Manual práctico de microbiología /  |c Carlos Gamazo, Ignacio López-goñi y Ramón Díaz 
250 |a 3a. ed. 
260 |a Barcelona :  |b  Elsevier Masson,  |c 2009 
300 |a 231 p. 
505 0 |a Métodos de microbiología general -- Normas básicas de seguridad en un laboratorio de microbiología -- Cultivo bacteriano -- Observación de microorganismos -- La ubicuidad de los microorganismos -- Técnicas de recuento bacteriano -- Pruebas bioquímicas para la identificación -- Micología -- Estudio morfológico de hongos filamentosos y levaduras -- Pruebas fisiológicas de identificación de levaduras -- Crecimiento y desarrollo de Dictyosteium discoideum -- Virología -- Producción y titulación de una suspensión de bacteriófagos -- Fagotipado de cepas bacterianas -- Inducción del profago gamma por radiación ultravioleta -- Genética bacteriana -- Acción bactericida de la luz ultravioleta -- Transferencia de marcadores genéticos por conjugación -- Regulación genética: el operón de la lactosa -- Microbiología clínica -- Urocultivo -- Coprocultivo -- Cultivo de esputo -- Desarrollo y detección de biofilms -- Determinación de la sensibilidad de una bacteria a agentes antimicrobianos: antibiograma -- Determinación de la concentración mínima inhibitoria y de la concentración mínima bactericida -- Microbiología ambiental y de los alimentos -- Columna de Winogradsky -- Análisis microbiológico de la contaminación ambiental y de manipuladores de alimentos -- Análisis microbiológicos de agua -- Análisis microbiológico de alimentos -- Fermentaciones industriales: ejemplos de utilización de microorganismos en la industria alimentaria -- Técnicas serológicas -- Aglutinación -- Fijación del complemento -- Técnicas serológicas de precipitación en gel -- ELISA indirecto -- Medios de cultivo -- Pruebas bioquímicas y reactivos -- Soluciones tamponadas y colorantes -- Bacterias, hongos, levaduras y bacteriófagos -- Conservación y mantenimiento de bacterias -- Control del crecimiento bacteriano -- Cultivo en anaerobiosis 
653 |a Microbiología 
700 1 |a López-goñi, Ignacio 
700 1 |a Díaz, Ramón 
859 |a CEMS  |b BIB. CEMS - Agricultura  |h 576  |i G14a3  |p A1496.12  |t Ej.1